LIBRARY & INFORMATION CENTRE, KCAET, TAVANUR

ONLINE PUBLIC ACCESS CATALOGUE (OPAC)

Audels new electric library, Vol 2 / (Record no. 7201)

MARC details
000 -LEADER
fixed length control field 00467cam a2200181ua 4500
041 ## - LANGUAGE CODE
Language code of text/sound track or separate title eng
082 ## - DEWEY DECIMAL CLASSIFICATION NUMBER
Classification number 621.304
Item number GRA/AU
100 ## - MAIN ENTRY--AUTHOR NAME
Personal name Graham, Frank D.
245 ## - TITLE STATEMENT
Title Audels new electric library, Vol 2 /
260 ## - PUBLICATION, DISTRIBUTION, ETC. (IMPRINT)
Place of publication Mumbai :
Name of publisher D B Taraporevala sons & Co. Pvt. Ltd. ,
Year of publication 1968.
300 ## - PHYSICAL DESCRIPTION
Number of Pages 898 ; .
942 ## - ADDED ENTRY ELEMENTS (KOHA)
Koha item type Books
Holdings
Withdrawn status Lost status Damaged status Home library Current library Date acquired Full call number Accession Number Koha item type
      KAUAET KAUAET 07/04/2012 621.304 GRA/AU 12340 Books
      KAUAET KAUAET 07/04/2012 621.304 GRA/AU 12344 Books
free website counter